Deadliest Animal in Each Continent - Statistics

General Stats
  • This quiz has been taken 98 times
  • The average score is 4 of 7
Answer Stats
Continent Answer % Correct
Africa Hippopotamus
94%
Asia Tiger
76%
North America Brown Bear
69%
Europe Polar Bear
64%
Antarctica Leopard Seal
35%
Oceania Saltwater Crocodile
21%
South America Brazilian Wandering Spider
11%
No matching quizzes found
Score Distribution
Percent of People with Each Score
Percentile by Number Answered
Your Score History
You have not taken this quiz